Engineering Mechanice Volume 1 Statics (Record no. 609748)

000 -LEADER
fixed length control field 00448nam a22001577a 4500
020 ## - INTERNATIONAL STANDARD BOOK NUMBER
International Standard Book Number 9971514230
040 ## - CATALOGING SOURCE
Transcribing agency NUST
082 ## - DEWEY DECIMAL CLASSIFICATION NUMBER
Classification number 620.1
Author Mark MER
100 ## - MAIN ENTRY--PERSONAL NAME
Personal name Meriam , J.L
9 (RLIN) 13089
110 ## - MAIN ENTRY--CORPORATE NAME
Corporate name or jurisdiction name as entry element Kraige , L.G , Palm , William .J
9 (RLIN) 123619
245 ## - TITLE STATEMENT
Title Engineering Mechanice Volume 1 Statics
250 ## - EDITION STATEMENT
Edition statement Fifth Edition
260 ## - PUBLICATION, DISTRIBUTION, ETC.
Place of publication, distribution, etc. India:
Name of publisher, distributor, etc. John Wiley & Sons,
Date of publication, distribution, etc. 2002.
650 ## - SUBJECT ADDED ENTRY--TOPICAL TERM
Topical term or geographic name entry element Engineering Mechanice Volume 1 Statics
9 (RLIN) 123620
942 ## - ADDED ENTRY ELEMENTS (KOHA)
Source of classification or shelving scheme
Koha item type Book
Holdings
Withdrawn status Lost status Source of classification or shelving scheme Damaged status Not for loan Permanent Location Current Location Shelving location Date acquired Total Checkouts Full call number Barcode Date last seen Price effective from Koha item type
          College of Electrical & Mechanical Engineering (CEME) College of Electrical & Mechanical Engineering (CEME) General Stacks 06/13/2024   620.1 MER CEME- 43566 06/13/2024 06/13/2024 Book
          College of Electrical & Mechanical Engineering (CEME) College of Electrical & Mechanical Engineering (CEME) General Stacks 06/13/2024   620.1 MER CEME- 43567 06/13/2024 06/13/2024 Book
          College of Electrical & Mechanical Engineering (CEME) College of Electrical & Mechanical Engineering (CEME) General Stacks 06/13/2024   620.1 MER CEME- 43568 06/13/2024 06/13/2024 Book
          College of Electrical & Mechanical Engineering (CEME) College of Electrical & Mechanical Engineering (CEME) General Stacks 06/13/2024   620.1 MER CEME- 43569 06/13/2024 06/13/2024 Book
          College of Electrical & Mechanical Engineering (CEME) College of Electrical & Mechanical Engineering (CEME) General Stacks 06/13/2024   620.1 MER CEME- 43570 06/13/2024 06/13/2024 Book
© 2023 Central Library, National University of Sciences and Technology. All Rights Reserved.